Sacredsecular: (Record no. 27770)

MARC details
000 -LEADER
fixed length control field 01363nam a22002655a 4500
005 - DATE AND TIME OF LATEST TRANSACTION
control field 2009062205395.0
010 ## - LCCN (DPL NO)
LC control number ENG-94178 B-423845-846
020 ## - INTERNATIONAL STANDARD BOOK NUMBER
International Standard Book Number 9780415484480
Terms of availability 295.00
035 ## - SYSTEM CONTROL NUMBER
System control number EN-77711
035 ## - SYSTEM CONTROL NUMBER
System control number B-423845-846
037 ## - SOURCE OF ACQUISITION
Source of stock number/acquisition DBAD / PUB
082 ## - DEWEY DECIMAL CLASSIFICATION NUMBER
Classification number 306.6
100 ## - MAIN ENTRY--PERSONAL NAME
Personal name Lata Mani
245 ## - TITLE STATEMENT
Title Sacredsecular:
Remainder of title contemplative cultural critique /
Statement of responsibility, etc by Lata Mani
260 ## - PUBLICATION, DISTRIBUTION, ETC. (IMPRINT)
Place of publication, distribution, etc New Delhi
Name of publisher, distributor, etc Routledge
Date of publication, distribution, etc 2009
270 ## - ADDRESS
Address 912-915 Tolstoy House 15-17 Tolstoy Marg,
City New Delhi
Postal code 110001
300 ## - PHYSICAL DESCRIPTION
Extent x, 223p.
Dimensions 23cm(pbk)
500 ## - GENERAL NOTE
General note Includes glossary and index
650 ## - SUBJECT ADDED ENTRY--TOPICAL TERM
Topical term or geographic name as entry element Religion and culture.
942 ## - ADDED ENTRY ELEMENTS (KOHA)
Source of classification or shelving scheme Dewey Decimal Classification
Item type English Books
Call number suffix LAT
Classification part 306.6
Holdings
Withdrawn status Lost status Not for loan Collection code Home library Current library Date acquired Source of acquisition Cost, normal purchase price Full call number Barcode Copy number Cost, replacement price Koha item type
      Non-fiction Central Library Central Library 10/08/2011 Allied Publishers/CR/0002704/17.3.11/75/4.3.11/17.3.11 295.00 306.6 LAT B-423845 1 295.00 English Books
    Not For Loan Non-fiction D.B.Act.Division D.B.Act.Division 22/06/2009 DBAD / PUB 295.00 306.6 LAT EN-77711 1 295.00 English Books
      Non-fiction Sarojini Nagar Sarojini Nagar 10/08/2011 Allied Publishers/CR/0002704/17.3.11/75/4.3.11/17.3.11 295.00 306.6 LAT B-423846 1 295.00 English Books

© Delhi Public Library
Hit Counter
free hit counter